000 00234 a2200109 4500
020 _a8420790451
041 _aspa
100 _aMunari, Bruno
245 _aCaperucita Roja, Verde, Amarilla, Azul y Blanca
942 _cBK
999 _c8305
_d8305
999 _d8305